Catàleg del Col·legi de Periodistes de Catalunya

Hoja Oficial de la Provincia de Barcelona (Registre núm. 4770)

000 -CABECERA
Longitud fija campo de control 01267nam a2200301 a 4500
001 - NÚMERO DE CONTROL
Número de control 4770
003 - IDENTIFICADOR DEL NÚMERO DE CONTROL
Identificador del número de control CDMR
005 - FECHA Y HORA DE LA ÚLTIMA TRANSACCIÓN
Fecha y hora de la última transacción 20171123171644.0
008 - CÓDIGOS DE INFORMACIÓN DE LONGITUD FIJA
Códigos de información de longitud fija 130130|1926||||||||||||||||||||||||spa|d
022 0# - NÚMERO INTERNACIONAL NORMALIZADO PARA PUBLICACIONES SERIADAS
Número Internacional Normalizado para Publicaciones Seriadas 9969-4719
040 ## - FUENTE DE LA CATALOGACIÓN
Centro catalogador de origen CDMR
Lengua de catalogación cat
Centro transcriptor CDMR
130 0# - PUNTO DE ACCESO PRINCIPAL-TÍTULO UNIFORME
9 (RLIN) 4564
Título uniforme Hoja del Lunes (Barcelona, 1926)
245 10 - MENCIÓN DE TÍTULO
Título Hoja Oficial de la Provincia de Barcelona
246 1# - VARIANTES DE TÍTULO
Título propio / Título en breve Hoja oficial del lunes de la provincia de Barcelona
246 1# - VARIANTES DE TÍTULO
Título propio / Título en breve Hoja oficial del lunes de Barcelona
260 ## - PUBLICACIÓN, DISTRIBUCIÓN, ETC. (PIE DE IMPRENTA)
Lugar de publicación, distribución, etc. Barcelona
Fecha de publicación, distribución, etc. 1926-1983
Nombre del editor, distribuidor, etc. Casa Provincial de Caridad
300 ## - DESCRIPCIÓN FÍSICA
Extensión v.
Otras características físicas il.
Dimensiones 44 x 32 cm
310 ## - PERIODICIDAD ACTUAL
Periodicidad actual setmanal
362 0# - FECHAS DE PUBLICACIÓN Y/O DESIGNACIÓN SECUENCIAL
Fecha de publicación y/o designación secuencial Núm. 1 (4 gener 1926) - núm. 2292 (21 febrer 1983)
500 ## - NOTA GENERAL
Nota general A partir de l'any 1982 conté el suplement amb numeració pròpia: Full de la cultura
546 ## - NOTA DE LENGUA
Nota de lengua Text en castellà i català
650 ## - PUNTO DE ACCESO ADICIONAL DE MATERIA - TÉRMINO DE MATERIA
9 (RLIN) 4533
Término de materia o nombre geográfico como elemento inicial Associacions de periodistes
Subdivisión cronológica 1926 - 1983
Subdivisión geográfica Barcelona
710 2# - PUNTO DE ACCESO ADICIONAL - NOMBRE DE ENTIDAD
9 (RLIN) 39
Nombre de entidad o nombre de jurisdicción como elemento inicial Associació de la Premsa de Barcelona
710 2# - PUNTO DE ACCESO ADICIONAL - NOMBRE DE ENTIDAD
9 (RLIN) 4566
Nombre de entidad o nombre de jurisdicción como elemento inicial Casa Provincial de Caridad de Barcelona
785 00 - ENLACE A UN TÍTULO POSTERIOR
Encabezamiento principal Full oficial del dilluns de Barcelona (1931)
Lugar, editor y fecha de publicación Barcelona: Casa de Caritat, 1931-1939
856 40 - LOCALIZACIÓN Y ACCESO ELECTRÓNICO
Identificador Uniforme del Recurso (URI) <a href="http://prensahistorica.mcu.es/es/consulta/registro.cmd?id=1028988">http://prensahistorica.mcu.es/es/consulta/registro.cmd?id=1028988</a>
Texto del enlace Disponible en línia (Biblioteca Virtual de Prensa Histórica)
942 ## - ENTRADA DE ELEMENTOS AGREGADOS (KOHA)
Koha [por defecto] tipo de item Publicacions periòdiques
Fuente de clasificaión o esquema
Fons
Suprimido Perdido Estropeado No para pr&eacute;stamo Localizaci&oacute;n permanente Localizaci&oacute;n actual Fecha adquisici&oacute;n Serie de enumeración &#47; cronología Fecha &uacute;ltima consulta Fecha del precio de reemplazo Tipo de item de Koha
      No per a préstec Centre de Documentació Montserrat Roig Centre de Documentació Montserrat Roig 2013-01-16 Núm. 1 (4 gener 1926) - núm. 2292 (21 febrer 1983) 2013-01-16 2013-01-16 Reserva / Històric

Implantat amb Koha